ARRUPE JESUIT UNIVERSITY

CORONAVIRUS -STOP THE SPREAD - CLEAN,DISINFECT,COVER

The USSR Academy of Arts : (Record no. 125495)

MARC details
000 -LEADER
fixed length control field 00987cam a2200253 a 4500
001 - CONTROL NUMBER
control field 3303445
003 - CONTROL NUMBER IDENTIFIER
control field ARRUPE
005 - DATE AND TIME OF LATEST TRANSACTION
control field 20161013105840.0
008 - FIXED-LENGTH DATA ELEMENTS--GENERAL INFORMATION
fixed length control field 830903s1982 ru a b 001 0 eng
010 ## - LIBRARY OF CONGRESS CONTROL NUMBER
LC control number 83159826
040 ## - CATALOGING SOURCE
Original cataloging agency DLC
Transcribing agency DLC
Modifying agency DLC
041 1# - LANGUAGE CODE
Language code of text/sound track or separate title engrus
043 ## - GEOGRAPHIC AREA CODE
Geographic area code e-ur-ru
050 00 - LIBRARY OF CONGRESS CALL NUMBER
Classification number N332.S65
Item number L465 1982
082 00 - DEWEY DECIMAL CLASSIFICATION NUMBER
Classification number 707/.1147453
Edition number 19
300 ## - PHYSICAL DESCRIPTION
Other physical details ill. (some col.) ;
Dimensions 30 cm.
100 1# - MAIN ENTRY--PERSONAL NAME
Personal name Kemenov, Vladimir Semenovich.
9 (RLIN) 26703
245 14 - TITLE STATEMENT
Title The USSR Academy of Arts :
Remainder of title sculpture, painting, graphic arts, stage design, decorative arts /
Statement of responsibility, etc Vladimir Kemenov ; [catalogue and notes on the artists by Tatyana Kruglikhina ; translated from the Russian by Boris Meyerovich].
260 ## - PUBLICATION, DISTRIBUTION, ETC. (IMPRINT)
Place of publication, distribution, etc Leningrad :
Name of publisher, distributor, etc Aurora Art Publishers,
Date of publication, distribution, etc c1982.
300 ## - PHYSICAL DESCRIPTION
Extent 62, 413 p. (some folded) :
504 ## - BIBLIOGRAPHY, ETC. NOTE
Bibliography, etc Includes bibliographical references and index.
610 20 - SUBJECT ADDED ENTRY--CORPORATE NAME
Corporate name or jurisdiction name as entry element Akademii︠a︡ khudozhestv SSSR.
9 (RLIN) 26704
906 ## - LOCAL DATA ELEMENT F, LDF (RLIN)
a 7
b cbc
c orignew
d 2
e ncip
f 19
g y-gencatlg
942 ## - ADDED ENTRY ELEMENTS (KOHA)
Source of classification or shelving scheme Library of Congress Classification
Koha item type Monograph ( Printed materials)
Holdings
Withdrawn status Lost status Source of classification or shelving scheme Damaged status Not for loan Collection code Home library Current library Shelving location Date acquired Total Checkouts Full call number Barcode Date last seen Price effective from Koha item type
    Library of Congress Classification     Main Collection ARRUPE LIBRARY ARRUPE LIBRARY Main Collection 13/10/2016   L. N332.S65 L465 1982 46500010558 13/10/2016 13/10/2016 Monograph ( Printed materials)

 

Arrupe Library. PO Box MP320 Mt Pleasant, Harare, Zimbabwe
263 242 745411|librarian@aju.ac.zw